LEADER 01280nam0-2200373---450- 001 990009761480403321 005 20131212094911.0 010 $a978-88-324-8341-3 035 $a000976148 035 $aFED01000976148 035 $a(Aleph)000976148FED01 035 $a000976148 100 $a20130918d2013----km-y0itay50------ba 101 0 $aita 105 $ay-------001yy 200 1 $aTrasformazione, fusione,conferimento, scissione e liquidazione delle società$easpetti civilistici, contabili e fiscali delle operazioni straordinarie$eprassi ministeriale e formulario su Cd-Rom$fMarco Confalonieri 205 $a28. ed. 210 $aMilano$cIlSole24ore$d2013 215 $aXXIV, 835 p.$d24 cm 225 1 $a<> manuali di Guida al diritto 676 $a346 700 1$aConfalonieri,$bMarco$0105831 801 0$aIT$bUNINA$gRICA$2UNIMARC 901 $aBK 912 $a990009761480403321 952 $aGRDDCOM72A$b21000$fDECBC 952 $aGRDDCOM72B$b21291$fDECBC 952 $aGRDDCOM72C$b21292$fDECBC 952 $aGRDDCOM72D$b21462$fDECBC 952 $aGRDDCOM72E$b21463$fDECBC 952 $aGRDDCOM72F$b21464$fDECBC 959 $aDECBC 996 $aTrasformazione, fusione,conferimento, scissione e liquidazione delle società$9834595 997 $aUNINA